[Event "Ural-ch (Women)"]
[Site "Cheliabinsk"]
[Date "2022.03.16"]
[Round "1"]
[White "Mikheeva, Galina"]
[Black "Toledo Flores, Marianna"]
[Result "1-0"]
[WhiteElo "2037"]
[BlackElo "1628"]
[PlyCount "77"]
[EventDate "2022.03.16"]
[EventType "swiss"]
[EventRounds "9"]
[EventCountry "RUS"]
[SourceTitle "EXT 2023"]
[Source "ChessBase"]
[SourceDate "2022.10.05"]
[SourceVersion "1"]
[SourceVersionDate "2022.10.05"]
[SourceQuality "1"]

1. e4 c5 2. Nc3 a6 3. g3 b5 4. Bg2 Bb7 5. d3 e6 6. Be3 Nf6 7. Nf3 d6 8. 0-0 Nbd7 9. Nd2 Qc7 10. f4 Be7 11. h3 h5 12. Nf3 Rc8 13. Ng5 Qb8 14. f5 e5 15. Qe2 Qa8 16. Nd1 c4 17. Nf2 Nc5 18. Bxc5 Rxc5 19. Rad1 cxd3 20. cxd3 Nd7 21. Nf3 0-0 22. g4 Rfc8 23. gxh5 Nf6 24. Ne1 d5 25. d4 exd4 26. e5 Ne4 27. Qg4 Kh7 28. h6 gxh6 29. Qh5 R8c7 30. Qxf7+ Kh8 31. Bxe4 dxe4 32. f6 Bf8 33. Qh5 e3 34. Nfd3 Rc2 35. Rf4 Bh1 36. Rg4 Rd2 37. Qg6 Bg7 38. fxg7+ Kg8 39. Qxh6 1-0

[Event "Botvinnik Cup"]
[Site "Moscow"]
[Date "2020.12.22"]
[Round "5.8"]
[White "Toledo Flores, Marianna"]
[Black "Kobalia, Mihail"]
[Result "0-1"]
[WhiteElo "1728"]
[BlackElo "2587"]
[PlyCount "56"]
[EventDate "2020.12.18"]
[EventType "team-tourn"]
[EventRounds "5"]
[EventCountry "RUS"]
[SourceTitle "CBM 199 Extra"]
[Source "ChessBase"]
[SourceDate "2021.01.31"]
[SourceVersion "1"]
[SourceVersionDate "2021.01.31"]
[SourceQuality "1"]
[WhiteTeam "Ural Chess Academy"]
[BlackTeam "Russia"]
[WhiteTeamCountry "RUS"]
[BlackTeamCountry "RUS"]

1. e4 c5 2. Nf3 e6 3. d4 cxd4 4. Nxd4 a6 5. Bd3 Bc5 6. Nb3 Be7 7. 0-0 d6 8. c4 Nf6 9. Nc3 b6 10. Qe2 Bb7 11. f4 Nbd7 12. Kh1 Qc7 13. Be3 0-0 14. Rae1 Rfd8 15. Bd2 Rac8 16. Nd4 Bf8 17. b3 Qb8 18. f5 Re8 19. fxe6 fxe6 20. Bg5 Qc7 21. Bxf6 Nxf6 22. e5 dxe5 23. Nf3 Bb4 24. Qc2 Bxc3 25. Bxh7+ Nxh7 26. Qxc3 Bxf3 27. Qxf3 Rf8 28. Qg3 Rxf1+ 0-1

[Event "Cheliabinsk Panchenko Memorial op-B"]
[Site "Cheliabinsk"]
[Date "2020.09.08"]
[Round "2"]
[White "Matsenko, Elena"]
[Black "Toledo Flores, Marianna"]
[Result "1-0"]
[WhiteElo "1783"]
[BlackElo "1512"]
[PlyCount "95"]
[EventDate "2020.09.07"]
[EventType "swiss"]
[EventRounds "9"]
[EventCountry "RUS"]
[SourceTitle "CBM 198 Extra"]
[Source "ChessBase"]
[SourceDate "2020.11.30"]
[SourceVersion "1"]
[SourceVersionDate "2020.11.30"]
[SourceQuality "1"]

1. e4 c5 2. Nf3 e6 3. d4 cxd4 4. Nxd4 a6 5. Bd3 Qb6 6. Nb3 Qc7 7. Qe2 d6 8. 0-0 Nf6 9. c4 Nbd7 10. Nc3 b6 11. Be3 Bb7 12. f3 Rc8 13. Rac1 Be7 14. Nd2 0-0 15. f4 Rfe8 16. b4 Qb8 17. Kh1 Bd8 18. Nf3 Bc7 19. Bg1 Qa8 20. a3 g6 21. Rce1 Bb8 22. Qd2 d5 23. cxd5 Bxf4 24. Qxf4 Rxc3 25. Ne5 Qb8 26. Bd4 Rxd3 27. Nxd3 Qxf4 28. Rxf4 Nh5 29. Rff1 e5 30. Be3 Kg7 31. Rc1 Ndf6 32. Rc7 Ba8 33. Bxb6 Nxe4 34. Nxe5 Bxd5 35. Bd4 Kg8 36. Kg1 Rd8 37. Rd7 Rxd7 38. Nxd7 f5 39. g4 Ng7 40. Bxg7 Kxg7 41. gxf5 gxf5 42. Rxf5 Be6 43. Re5 Bxd7 44. Rxe4 Bb5 45. Re6 Kf7 46. Rb6 Kg7 47. Kf2 h6 48. Ke3 1-0

[Event "RUS-chT U14 final"]
[Site "Sochi"]
[Date "2019.05.03"]
[Round "3.2"]
[White "Toledo Flores, Marianna"]
[Black "Putrenko, Kirill"]
[Result "0-1"]
[WhiteElo "1330"]
[BlackElo "1989"]
[PlyCount "106"]
[EventDate "2019.05.01"]
[EventType "team-tourn"]
[EventRounds "9"]
[EventCountry "RUS"]
[SourceTitle "CBM 190 Extra"]
[Source "ChessBase"]
[SourceDate "2019.07.15"]
[SourceVersion "1"]
[SourceVersionDate "2019.07.15"]
[SourceQuality "1"]

1. c4 Nf6 2. Nf3 e6 3. e3 b6 4. b3 Bb7 5. Be2 Be7 6. 0-0 0-0 7. Bb2 c5 8. Qc2 Nc6 9. a3 Rc8 10. d3 d5 11. d4 cxd4 12. Nxd4 Na5 13. Nd2 Ba6 14. Rac1 b5 15. Bc3 bxc4 16. b4 Nc6 17. Nxc6 Rxc6 18. Bd4 Qb8 19. Rb1 Rcc8 20. Qc3 Bb7 21. b5 Rfe8 22. f4 Qd6 23. Ra1 a6 24. b6 Qd8 25. a4 Bd6 26. Rfb1 Qe7 27. Be5 Bxe5 28. fxe5 Nd7 29. Nf3 Nc5 30. Nd2 Qg5 31. Qd4 f6 32. Nf3 Qg6 33. Bd1 Rf8 34. Rb2 fxe5 35. Nxe5 Qf6 36. Bf3 Nb3 37. Rxb3 cxb3 38. Rb1 Qf5 39. Nd3 Rc4 40. Qe5 Qxd3 41. Qxe6+ Kh8 42. Rf1 Re4 43. Qd6 Qxe3+ 44. Kh1 Ree8 45. Qc7 Re7 46. Qd6 Qe6 47. Qb4 d4 48. Qxd4 Bxf3 49. gxf3 Qe2 50. Rf2 Qe3 51. Qd2 Qxb6 52. Rg2 b2 53. Qxb2 Re1+ 0-1